|
|
|
|
| LEADER |
01032nam a2200265 u 4500 |
| 001 |
10083274 |
| 003 |
upatras |
| 005 |
20210117202411.0 |
| 008 |
100126s2005 uk eng |
| 020 |
|
|
|a 9780192805577
|
| 040 |
|
|
|a GR-PaULI
|c GR-PaULI
|
| 041 |
0 |
|
|a eng
|
| 082 |
0 |
4 |
|a 190.090 41
|
| 100 |
1 |
|
|a Gutting, Gary
|9 25527
|
| 245 |
1 |
0 |
|a Foucault
|b a very short introduction
|c Gary Gutting
|
| 260 |
|
|
|a Oxford
|b Oxford University Press
|c 2005
|
| 300 |
|
|
|a 124 p.
|c 17 cm.
|
| 504 |
|
|
|a Includes bibliographical references and index
|
| 600 |
1 |
4 |
|a Foucault, Michel
|d 1926-1984
|9 858
|
| 650 |
|
4 |
|a Φιλοσοφία
|y 20ός αιώνας
|9 643
|
| 852 |
|
|
|a GR-PaULI
|b ΠΑΤΡΑ
|b ΦΙΛΟΣΟΦΙΑ
|k ΑΣΧΞ-4
|h FOUC 190.090 41 GUT
|m 8007
|p 025000170438
|t 1
|
| 942 |
|
|
|2 ddc
|c BK15
|
| 952 |
|
|
|0 0
|1 0
|4 0
|6 FOUC_190_090000000000000_41_GUT
|7 0
|9 88340
|a PHIL
|b PHIL
|d 2016-04-24
|i 8007
|l 1
|m 1
|o FOUC 190.090 41 GUT
|p 025000170438
|r 2016-06-01 00:00:00
|s 2016-05-18
|t 1
|w 2016-04-24
|y BK15
|
| 998 |
|
|
|c ΚΑΝΕΛΛΟΠΟΥΛΟΥ
|d 2010-01
|
| 999 |
|
|
|c 59048
|d 59048
|